000 00673ntaaa2200205 4500
003 01
005 20251027202959.0
008 0714s1973 ag 01
040 _aAR-BaBN
_bspa
_cAR-BaBN
_eaacr
_dRIC
082 _a982.0730 T63
100 _aTorrasa, Atilio E
_930746
245 _aMitre, paladín del laicismo
250 _a1 ed.
260 _aBuenos Aires :
_bEdiciones de "Sarmiento",
_c1957
300 _a182 p
500 _aCon la reproducción de once enérgicos y enjundiosos artículos publicados por Mitre como editoriales en La Nación, de 1883-1884, en favor de la escuela laica.
650 _aMitre
_930747
650 _aEnseñanza laica
_930748
942 _cBK
999 _c25195
_d25195